<?xml version="1.0" encoding="UTF-8"?><?xml-stylesheet type="text/xsl" href="static/style.xsl"?><OAI-PMH xmlns="http://www.openarchives.org/OAI/2.0/" xmlns:xsi="http://www.w3.org/2001/XMLSchema-instance" xsi:schemaLocation="http://www.openarchives.org/OAI/2.0/ http://www.openarchives.org/OAI/2.0/OAI-PMH.xsd"><responseDate>2026-06-07T18:59:44Z</responseDate><request verb="GetRecord" identifier="oai:docta.ucm.es:20.500.14352/34152" metadataPrefix="marc">https://docta.ucm.es/rest/oai/request</request><GetRecord><record><header><identifier>oai:docta.ucm.es:20.500.14352/34152</identifier><datestamp>2023-08-26T03:54:34Z</datestamp><setSpec>com_20.500.14352_14</setSpec><setSpec>col_20.500.14352_15</setSpec></header><metadata><record xmlns="http://www.loc.gov/MARC21/slim" xmlns:dcterms="http://purl.org/dc/terms/" xmlns:xsi="http://www.w3.org/2001/XMLSchema-instance" xmlns:doc="http://www.lyncode.com/xoai" xsi:schemaLocation="http://www.loc.gov/MARC21/slim http://www.loc.gov/standards/marcxml/schema/MARC21slim.xsd">
   <leader>00925njm 22002777a 4500</leader>
   <datafield ind2=" " ind1=" " tag="042">
      <subfield code="a">dc</subfield>
   </datafield>
   <datafield ind2=" " ind1=" " tag="720">
      <subfield code="a">Balaguer Núñez, Luis</subfield>
      <subfield code="e">author</subfield>
   </datafield>
   <datafield ind2=" " ind1=" " tag="720">
      <subfield code="a">Escudero Alcántara, Adrián</subfield>
      <subfield code="e">author</subfield>
   </datafield>
   <datafield ind2=" " ind1=" " tag="720">
      <subfield code="a">Martín Duque, José Francisco</subfield>
      <subfield code="e">author</subfield>
   </datafield>
   <datafield ind2=" " ind1=" " tag="720">
      <subfield code="a">Mola, Ignacio</subfield>
      <subfield code="e">author</subfield>
   </datafield>
   <datafield ind2=" " ind1=" " tag="720">
      <subfield code="a">Aronson, James</subfield>
      <subfield code="e">author</subfield>
   </datafield>
   <datafield ind2=" " ind1=" " tag="260">
      <subfield code="c">2014</subfield>
   </datafield>
   <datafield ind2=" " ind1=" " tag="520">
      <subfield code="a">Ecological restoration aims to revitalize ecosystem integrity and functionality following severe damage or degradation. Often, however, efforts are hampered by an incomplete or flawed concept of historical ‘reference’ used when choosing or constructing a target ecosystem or landscape to restore ‘to’. This problem may stem from a culturally-skewed interpretation of history or from misunderstanding or underestimation of the role that humans have played in a given ecosystem’s historical development and dynamics. While strongly confirming the importance of the reference concept in restoration ecology, we argue for the need to refine it, and to broaden the ways it can be conceived, developed, and applied. Firstly, the historical reference system informing a given restoration project should be grounded in both latent and active ‘ecological memories’, encoded and stored across relevant geographical and temporal scales. Further, the generally neglected geomorphic component of reference-building should also be addressed, as well as the contributions of human cultures to current ecosystem and landscape condition. Thirdly, ecosystems are historically contingent and multi-layered. Pre-versus  post-disturbance comparisons are insufficient. Instead, restoration scenarios should be seen as tapestries of multiple and successive states. In sum, a well-conceived reference model helps promote and ensure the recovery and subsequent maintenance of historical continuity, i.e., the reestablishment of an impaired ecosystem to its historic ecological trajectory. We use case studies from  pain and Peru to illustrate how this approach can provide better goalposts and benchmarks, and therefore better guide the planning, implementation, and evaluation of effective restoration projects.</subfield>
   </datafield>
   <datafield ind1="8" ind2=" " tag="024">
      <subfield code="a">0006-3207</subfield>
   </datafield>
   <datafield ind1="8" ind2=" " tag="024">
      <subfield code="a">10.1016/j.biocon.2014.05.007</subfield>
   </datafield>
   <datafield ind1="8" ind2=" " tag="024">
      <subfield code="a">https://hdl.handle.net/20.500.14352/34152</subfield>
   </datafield>
   <datafield ind1="8" ind2=" " tag="024">
      <subfield code="a">https://www.journals.elsevier.com/biological-conservation</subfield>
   </datafield>
   <datafield ind2="0" ind1="0" tag="245">
      <subfield code="a">Perspective: The historical reference in restoration ecology: Re-defining a cornerstone
concept</subfield>
   </datafield>
</record></metadata></record></GetRecord></OAI-PMH>